Slovensko v EÚ 2008 životné podmienky

Gespeichert in:
Bibliographische Detailangaben
Format: Buch
Sprache:Slowakisch
Veröffentlicht: Bratislava Štatistický úrad Slovenskej republiky 2008
Schlagworte:
Tags: Tag hinzufügen
Keine Tags, Fügen Sie das erste Tag hinzu!

MARC

LEADER 00000nam$a2200000$$$4500
001 0078005
005 20251210074925.1
041 0 |a slo 
044 |a SK 
245 1 0 |a Slovensko v EÚ 2008  |b životné podmienky 
264 1 |a Bratislava  |b Štatistický úrad Slovenskej republiky  |c 2008 
300 |a 49 s. 
610 2 0 |a Slovensko 
610 2 0 |a Európska únia 
610 2 0 |a integrácia ekonomická medzinárodná 
610 2 0 |a obyvateľstvo 
610 2 0 |a populácia 
610 2 0 |a podmienky životné 
610 2 0 |a demografia 
610 2 0 |a vývoj sociálny 
610 2 0 |a vývoj hospodársky 
610 2 0 |a trh práce 
610 2 0 |a mzdy 
610 2 0 |a príjmy 
610 2 0 |a výdavky 
610 2 0 |a ceny 
610 2 0 |a vzdelávanie 
610 2 0 |a zdravie 
610 2 0 |a ochrana sociálna